000 00216nam a22000857a 4500
008 170306b xxu||||| |||| 00| 0 eng d
100 _93024
_aJain.P.K.
245 _aEnglish Communicative-IX
260 _aNew Delhi
_bAPC
_c2010
999 _c6268
_d6268